000 00649nam a2200229Ia 4500
003 OSt
005 20230317095752.0
008 210423s2007 xx 000 0 und d
020 _a8131500810
040 _cAL
041 _aeng
082 _a543.0858
_223
_b PAVD
100 _aPAVIA (Donald L);others.
_943959
245 _aIntroduction to spectroscopy: a guide for students of organic chemistry.
250 _a3
260 _aUK
_bThomson
_c2007
300 _axiv,579,71
_bPB
365 _b450
_cINR
650 _aSpectroscopy
_943960
906 _achemistry. ; guide ; Introduction ; organic ; spectroscopy: ; students
942 _2ddc
_cBK
999 _c153699
_d153699